Moja kniha [šlabikár : pre 1.-3. ročník špeciálnych základných škôl (variant B) : pre 1. ročník špeciálnych základných škôl (variant A)] 3. časť

Bibliographic Details
Main Authors: Škultétyová, Silvia (Author), Antolová, Eva (Author)
Other Authors: Dicová-Ondrejková, Jarmila, 1940- (Illustrator)
Format: Book
Language:Slovak
PhysicalDescription:62 s. fareb. ilustr. 30 cm
Published: Bratislava Slovenské pedagogické nakladateľstvo - Mladé letá 2017
ISBN:9788010031283
Edition:13. vyd.
Subjects:

MARC

LEADER 00000cam a2200000 a 4500
001 vtls011699168
003 SK-MaSNL
005 20260302053221.0
008 240314s2017 xo a b p 000 0 slo
015 |a SNBA2017/09 
020 |a 9788010031283  |q (brož.) 
035 |a urn:nbn:sk:snk-am00cy5u 
035 |a urn:nbn:sk:snk-am3hf5u 
035 |a 5058FA19-1634-4B39-B8E0-8C2E0D47DD76 
040 |a SNK  |b slo  |c SNK  |e AACR2 
041 0 |a slo 
044 |a xo  |c SK 
072 7 |a 373.2/.3  |x Predškolská a primárna výchova a vzdelávanie  |2 konspekt 
080 |a 37.016:028-028.31  |2 2011 
080 |a (075.2)  |2 2011 
100 1 |a Škultétyová, Silvia  |4 aut  |9 225292 
245 1 0 |a Moja kniha  |b [šlabikár : pre 1.-3. ročník špeciálnych základných škôl (variant B) : pre 1. ročník špeciálnych základných škôl (variant A)]  |n 3. časť  |c Silvia Škultétyová, Eva Antolová ; [ilustrácie: Jarmila Dicová-Ondrejková] 
250 |a 13. vyd. 
260 |a Bratislava  |b Slovenské pedagogické nakladateľstvo - Mladé letá  |c 2017 
300 |a 62 s.  |b fareb. ilustr.  |c 30 cm 
650 0 7 |a čítanie  |2 SNKPH  |9 1654 
650 0 7 |a Reading  |2 SNKPHeng  |9 276976 
655 7 |a učebnice špeciálnych základných škôl  |2 SNKPH  |9 70204 
655 7 |a šlabikáre  |2 SNKPH  |9 70665 
655 7 |a Textbooks (elementary)  |2 SNKPHeng  |9 276977 
700 1 |a Antolová, Eva  |4 aut  |9 42621 
700 1 |a Dicová-Ondrejková, Jarmila,  |d 1940-  |4 ill  |9 98160 
852 |a Štátna vedecká knižnica v Banskej Bystrici 
919 |a 978-80-10-03128-3 
999 |c 1108570  |d 1110500 
952 |a SNK  |b SNK  |y PREZ  |7 0  |p 17A1269955  |o snkSB 87596/3  |i snk2017/17840  |8 0  |0 0  |1 0  |4 0  |d 2017-08-03  |f 1  |l 0  |r 2025-05-12 00:00:00  |w 2026-02-24 
952 |a SNK  |b SNK  |y VYP  |7 0  |p 17A1269956  |o snkSB 87596/3 D1  |i snk2017/17841  |8 0  |0 0  |1 0  |4 0  |d 2017-08-03  |l 1  |r 2026-04-22 12:40:49  |s 2026-04-02  |w 2026-02-24